MARC details
| 000 -LEADER |
| fixed length control field |
02570nam a2200301 a 4500 |
| 001 - CONTROL NUMBER |
| control field |
16381424 |
| 008 - FIXED-LENGTH DATA ELEMENTS--GENERAL INFORMATION |
| fixed length control field |
181030s2010 ||||||||||||||||| || u |
| 010 ## - LIBRARY OF CONGRESS CONTROL NUMBER |
| LC control number |
2010033852 |
| 020 ## - INTERNATIONAL STANDARD BOOK NUMBER |
| International Standard Book Number |
9780521851039 |
| 050 ## - LIBRARY OF CONGRESS CALL NUMBER |
| Classification number |
QC 174.86.N65 Kra |
| 100 ## - MAIN ENTRY--PERSONAL NAME |
| Personal name |
Redner, Sidney |
| 245 12 - TITLE STATEMENT |
| Title |
A kinetic view of statistical physics |
| Statement of responsibility, etc. |
Pavel L. Krapivsky; Sidney Redner; Eli Ben-Naim |
| 260 ## - PUBLICATION, DISTRIBUTION, ETC. |
| Place of publication, distribution, etc. |
Cambridge: |
| Name of publisher, distributor, etc. |
Cambridge University Press |
| Date of publication, distribution, etc. |
2010 |
| 300 ## - PHYSICAL DESCRIPTION |
| Extent |
xv, 488p.: ill. |
| 350 ## - PRICE (NR) (BK AM CF MU VM SE) [OBSOLETE] |
| Price |
67.64 |
| 500 ## - GENERAL NOTE |
| General note |
Includes bibliographical references (p. [471]-482) and index |
| 505 ## - FORMATTED CONTENTS NOTE |
| Formatted contents note |
Machine generated contents note: 1. Aperitifs; 2. Diffusion; 3. Collisions; 4. Exclusion; 5. Aggregation; 6. Fragmentation; 7. Adsorption; 8. Spin dynamics; 9. Coarsening; 10. Disorder; 11. Hysteresis; 12. Population dynamics; 13. Diffusive reactions; 14. Complex networks; References; Index. |
| 520 ## - SUMMARY, ETC. |
| Summary, etc. |
"Aimed at graduate students, this book explores some of the core phenomena in non-equilibrium statistical physics. It focuses on the development and application of theoretical methods to help students develop their problem-solving skills. The book begins with microscopic transport processes: diffusion, collision-driven phenomena, and exclusion. It then presents the kinetics of aggregation, fragmentation and adsorption, where the basic phenomenology and solution techniques are emphasized. The following chapters cover kinetic spin systems, both from a discrete and a continuum perspective, the role of disorder in non-equilibrium processes, hysteresis from the non-equilibrium perspective, the kinetics of chemical reactions, and the properties of complex networks. The book contains 200 exercises to test students' understanding of the subject. A link to a website hosted by the authors, containing supplementary material including solutions to some of the exercises, can be found at www.cambridge.org/9780521851039"-- Provided by publisher. |
| 650 #0 - SUBJECT ADDED ENTRY--TOPICAL TERM |
| Topical term or geographic name entry element |
STATISTICAL PHYSICS |
| 650 #0 - SUBJECT ADDED ENTRY--TOPICAL TERM |
| Topical term or geographic name entry element |
NONEQUILIBRIUM STATISTICAL MECHANICS |
| 700 ## - ADDED ENTRY--PERSONAL NAME |
| Personal name |
Ben-Naim, Eli |
| 700 ## - ADDED ENTRY--PERSONAL NAME |
| Personal name |
Krapivsky, Pavel L |
| 856 ## - ELECTRONIC LOCATION AND ACCESS |
| Uniform Resource Identifier |
<a href="http://www.loc.gov/catdir/enhancements/fy1012/2010033852-b.html">http://www.loc.gov/catdir/enhancements/fy1012/2010033852-b.html</a> |
| 856 ## - ELECTRONIC LOCATION AND ACCESS |
| Uniform Resource Identifier |
<a href="http://www.loc.gov/catdir/enhancements/fy1012/2010033852-d.html">http://www.loc.gov/catdir/enhancements/fy1012/2010033852-d.html</a> |
| 856 ## - ELECTRONIC LOCATION AND ACCESS |
| Uniform Resource Identifier |
<a href="http://www.loc.gov/catdir/enhancements/fy1012/2010033852-t.html">http://www.loc.gov/catdir/enhancements/fy1012/2010033852-t.html</a> |
| 856 ## - ELECTRONIC LOCATION AND ACCESS |
| Uniform Resource Identifier |
<a href="http://assets.cambridge.org/97805218/51039/cover/9780521851039.jpg">http://assets.cambridge.org/97805218/51039/cover/9780521851039.jpg</a> |
| 995 ## - RECOMMENDATION 995 [LOCAL, UNIMARC FRANCE] |
| -- |
CBU-MAIN LIBRARY (Kitwe) |
| -- |
67.64 |
| -- |
1 |
| -- |
AVAILABLE |
| -- |
Oct 30, 2018 |
| -- |
Main Library Open Access Collection |